Normal view MARC view

Entry Personal Name

Number of records used in: 2

001 - CONTROL NUMBER

  • control field: 1239562

003 - CONTROL NUMBER IDENTIFIER

  • control field: OSt

005 - DATE AND TIME OF LATEST TRANSACTION

  • control field: 20260514122546.0

008 - FIXED-LENGTH DATA ELEMENTS

  • fixed length control field: 260514|| aca||aabn | a|a d

040 ## - CATALOGING SOURCE

  • Original cataloging agency: OSt
  • Transcribing agency: OSt

100 ## - HEADING--PERSONAL NAME

  • Personal name: Dr.Sushil Kumar

670 ## - SOURCE DATA FOUND

  • Source citation: Work cat.: (OSt)1851493: Dr.Divya Kishore 1239560, Comparison of External and Laser Conjunctivo-Dacryocystorhinostomy Using Jones Tube in Proximal Blocks.
Copyright @ Delhi University Library System